| 000 | 00453nam a2200193Ia 4500 | ||
|---|---|---|---|
| 008 | 210210b1908 xxu||||| |||| 00| 0 eng d | ||
| 041 | _aeng | ||
| 082 | _a514/112 | ||
| 100 | _aSMITH (C) | ||
| 245 | _aElementary treatise on conic sections | ||
| 260 |
_aLondon _bMacmillan & Co. Ltd. _c1908 |
||
| 650 | _atreatise | ||
| 650 | _asections | ||
| 650 | _aon | ||
| 650 | _aElementary | ||
| 650 | _aconic | ||
| 690 | _aMathematics | ||
| 906 | _a007557 | ||
| 999 |
_c140097 _d140097 |
||